000
00284nam a2200121Ia 4500
003
OSt
005
20230901060817.0
008
170523s9999 xx 000 0 und d
040
_c
IIMT UNIVERSITY
100
_a
BHATTCHARYA- D.K
245
0
_a
HUMAN RESOURCE MANAGEMENT
942
_2
ddc
_c
02
999
_c
10205
_d
10205